000 01689cam a2200229 4500
001 ##L132635
002 ##9306
008 060224n2005 000 0 eng u
020 _a0728204835
035 _a(Sirsi) u132635
041 0 _aeng
050 0 4 _a346.4104346 $2 18
100 1 _aJones, Brian
245 0 0 _aEnforcing covenants
_ba guide for managers of leasehold property
260 _aLondon
_bEG Books
_c2005
300 _axvi, 227p
_c22cm
350 _a28
505 2 _aCovenants -- Forfeiture -- Leasehold Valuation Tribunals new jurisdictions and procedures -- The role of the county court -- Ground rents -- Service charges the options -- Debt recovery in the county court -- Enforcement of repairing covenants -- Enforcement for other breaches -- Neighbour disputes -- Enforcement outside leases -- Arbitration and alternative dispute resolution -- Costs and administration charges a summary -- Conclusion.
520 _aFocuses on the measures that managers of residential leasehold property can deploy to encourage leaseholders and other parties to abide by their contractual obligations. Concentrates particularly on the changes introduced by the Commonhold and Leasehold Reform Act 2002, and examines the new rules on forfeiture and ground rents, service charge recovery, enforcing county court judgments, the new procedures and jurisdictions of the Leasehold Valuation Tribunals, enforcing repairs, neighbour disputes and nuisance cases, injunctions and specific performance, costs and administration charges, and alternative dispute resolution.
690 _aPROPERTY-RESIDENTIAL PROPERTY-RESIDENTIAL PROPERTY TENURE-LEASEHOLD RESIDENTIAL PROPERTY
942 _n0
999 _c105199
_d105199